| 000 | 00390nam a2200133Ia 4500 | ||
|---|---|---|---|
| 008 | 230917s9999||||xx |||||||||||||| ||und|| | ||
| 040 |
_e184599 _aMAIN |
||
| 041 | _aEnglish | ||
| 082 | _a34:368 E71E | ||
| 245 | 0 | _aKaramchari rajya beema adhiniyam, 1948 (1948 ka adhiniyam sankhyank 34) | |
| 260 |
_aNew Delhi _bGovt. of India, Controller of Press _c1978 |
||
| 300 | _a136 p. | ||
| 942 | _cBK | ||
| 999 |
_c220416 _d220416 |
||